Estatuto General de la Conciliación (Registro nro. 28621)

Detalles MARC
000 -CABECERA
Longitud fija campo de control 00696nam a2200217 a 4500
003 - • IDENTIFICADOR DELl NÚMERO DE CONTROL
Identificador del número de control CO-ViMGA
008 - • CÓDIGOS DE INFORMACIÓN DE LONGITUD FIJA
Códigos de información de longitud fija 141112s2004 ck r 000 u spa d
020 ## - • NÚMERO INTERNACIONAL NORMALIZADO PARA LIBROS
Número Internacional Normalizado para Libros (ISBN) 9583503819
040 ## - FUENTE DE LA CATALOGACIÓN
Centro catalogador de origen CO-ViMGA
Lengua de catalogación spa
Centro transcriptor CO-ViMGA
082 04 - • NÚMERO DE LA CLASIFICACIÓN DECIMAL DEWEY
Número de clasificación (R) R347.09 C656e
100 1# - • PUNTO DE ACCESO PRINCIPAL-NOMBRE DE PERSONA
Nombre de persona Ortega Torres, Jorge; comp.
245 10 - • TITULO PROPIAMENTE DICHO
Título Estatuto General de la Conciliación
300 ## - • DESCRIPCIÓN FÍSICA
Extensión 350 p.
490 ## - • MENCIÓN DE SERIE
Mención de serie Código de bolsillos "Jorge Ortega Torres"; 14
590 ## - NOTAS LOCALES
Nota local Forma de adquisición : Premio Mincultura
650 14 - • PUNTO DE ACCESO ADICIONAL DE MATERIA - TÉRMINO DE MATERIA
Término de materia o nombre geográfico como elemento inicial ARBITRAJE (DERECHO CIVIL) - ASPECTOS JURIDICOS
650 14 - • PUNTO DE ACCESO ADICIONAL DE MATERIA - TÉRMINO DE MATERIA
Término de materia o nombre geográfico como elemento inicial CONCILIACION (PROCEDIMIENTOS CIVIL) - LEGISLACION
942 ## - ENTRADA DE ELEMENTOS AGREGADOS (KOHA)
Fuente de clasificaión o esquema Dewey Decimal Classification
Koha [por defecto] tipo de item LIbro
Existencias
Perdido Fuente de clasificación o esquema Estado Físico No para préstamo Forma de adquisición Localización permanente Localización actual Fecha adquisición Serie de enumeración / cronolog&íacute;a Préstamos totales Signatura completa Código de barras Fecha última consulta Número de copia Fecha del precio de reemplazo Tipo de item de Koha Localización en estanterías Fuente de adquisición Número de registro
  Dewey Decimal Classification     Colección General Biblioteca Pública San Carlos de Guaroa - Eduardo Carranza Biblioteca Pública San Carlos de Guaroa - Eduardo Carranza 09/23/2024     R347.09 C64e SG02041 09/23/2024 Ej.1 09/23/2024 LIbro Referencia    
  Dewey Decimal Classification     Sala Especializada Tercer Piso Biblioteca Pública Germán Arciniegas - Villavicencio Biblioteca Pública Germán Arciniegas - Villavicencio 12/04/2015 Volumen. 1 | 11/jun/2009   R347.09 C656e 19480 12/04/2015 Ej. 1 12/04/2015 LIbro      
  Clasificación Local (Facetada)     Colección General Biblioteca Pública Puerto Concordia Biblioteca Pública Puerto Concordia 10/15/2025     R347.09 C656e 0779 10/15/2025 Ej.1 10/15/2025 Libro Referencia Referencia PNBL3 8621









Instituto Departamental de Cultura del Meta - Red Departamental de Bibliotecas Públicas del Meta.